000
00220 a2200097 4500
001
30397
100
_a
BAY, A E M Bayliss
245
_a
Plays of Adventure
260
_a
London
_b
G G Harrap & Co
_c
090
_c
20349
_d
20349
942
_a
NUST-CAE
_c
M
_c
11502
999
_c
265470
_d
265470